| 000 | 00803nam a2200277 a 4500 | ||
|---|---|---|---|
| 001 | 26441 | ||
| 003 | CO-ViMGA | ||
| 008 | 141112s2004 ck r 000 u spa d | ||
| 020 | _a9789583037030 | ||
| 040 |
_aCO-ViMGA _bspa _cCO-ViMGA |
||
| 041 | _aSPA | ||
| 090 | _aN ALE6 | ||
| 100 | 1 |
_aAlemán, Gabriela, 1968 - _941183 |
|
| 245 | 1 | 0 |
_aÁlbum de familia / _cGabriela Alemán |
| 250 | _a1a ed. | ||
| 260 |
_aBogotá : _bPanAméricana, _c2014 |
||
| 300 | _a120 p. | ||
| 490 | _aSólo para adultos | ||
| 500 | _aIncluye datos biográficos del autor en la solapa del libro. | ||
| 650 | 1 | 4 |
_aAMISTAD - NOVELA _92653 |
| 650 | 1 | 4 |
_aAUTORES ECUATORIANOS _91648 |
| 650 | 1 | 4 |
_aFAMILIA - NOVELA _92125 |
| 650 | 1 | 4 |
_aLITERATURA ECUATORIANA _91647 |
| 650 | 1 | 4 |
_aVIAJES - NOVELA _92132 |
| 942 |
_2ddc _cBK |
||
| 999 |
_c2405 _d2405 |
||